Daňové raje vo svete a ich ekonomicko-sociálne dôsledky

Daňové raje vo svete sa stali celosvetovým fenoménom, ktoré sú spojené s daňovými únikmi a praním špinavých peňazí. Príčiny ich vzniku, analýza ich rozsahu a zhodnotenie negatívnych dôsledkov ich existencie v svetovej ekonomike a v národných daňových systémoch.

Gespeichert in:
Bibliographische Detailangaben
1. Verfasser: Lénártová, Gizela
Format: Buchkapitel
Sprache:Slowakisch
Schlagworte:
Tags: Tag hinzufügen
Keine Tags, Fügen Sie das erste Tag hinzu!

MARC

LEADER 00000nla a2200000 4500
001 0243046
005 20240502073938.4
041 0 |a slo 
044 |a SK 
245 1 0 |a Daňové raje vo svete a ich ekonomicko-sociálne dôsledky  |c Gizela Lénártová 
520 |a Daňové raje vo svete sa stali celosvetovým fenoménom, ktoré sú spojené s daňovými únikmi a praním špinavých peňazí. Príčiny ich vzniku, analýza ich rozsahu a zhodnotenie negatívnych dôsledkov ich existencie v svetovej ekonomike a v národných daňových systémoch. 
610 2 0 |a raje daňové 
610 2 0 |a únik daňový 
610 2 0 |a pranie špinavých peňazí 
610 2 0 |a dane z príjmov 
610 2 0 |a transparentnosť 
610 2 0 |a opatrenia 
100 1 |a Lénártová, Gizela